Normal view
MARC view
Entry Topical Term
001 - CONTROL NUMBER
- control field: 24681
003 - CONTROL NUMBER IDENTIFIER
- control field: OSt
005 - DATE AND TIME OF LATEST TRANSACTION
- control field: 20210706102441.0
008 - FIXED-LENGTH DATA ELEMENTS
- fixed length control field: 210706|| aca||aabn | a|a d
040 ## - CATALOGING SOURCE
- Original cataloging agency: OSt
- Transcribing agency: OSt
150 ## - HEADING--TOPICAL TERM
- Topical term or geographic name entry element: Government enterprise - India - Bibliography
670 ## - SOURCE DATA FOUND
- Source citation: Work cat.: (OSt)516127: Nayar, M. P. 22505, Public enterprise in India :, 1980
